All of Ariana grande's album tracks (in order) - Statistics

General Stats
  • This quiz has been taken 112 times
    23 since last reset
  • The average score is 67 of 150
Answer Stats
Hint Answer % Correct
Yours Truly Honeymoon Avenue
100%
Yours Truly Baby I
92%
Yours Truly Right There
69%
Yours Truly Tattooed Heart
69%
thank u, next 7 rings
62%
thank u, next bad idea
62%
Dangerous Woman Be Alright
62%
Sweetener better off
62%
Sweetener blazed
62%
thank u, next bloodline
62%
thank u, next break up with your girlfriend, i’m bored
62%
Dangerous Woman Dangerous Woman
62%
thank u, next fake smile
62%
Sweetener get well soon
62%
thank u, next ghostin
62%
Dangerous Woman Greedy
62%
thank u, next imagine
62%
thank u, next in my head
62%
Dangerous Woman Into You
62%
My Everything (Deluxe) Intro
62%
Dangerous Woman Moonlight
62%
thank u, next NASA
62%
thank u, next needy
62%
My Everything (Deluxe) One Last Time
62%
Sweetener Pete davidson
62%
Yours Truly Piano
62%
My Everything (Deluxe) Problem
62%
Sweetener raindrops (an angel cried)
62%
Dangerous Woman Sometimes
62%
Dangerous Woman Step On Up
62%
thank u, next thank u, next
62%
Yours Truly The Way
62%
Dangerous Woman Touch It
62%
Positions (Deluxe) 34+35
54%
Yours Truly Almost Is Never Enough
54%
My Everything (Deluxe) Bang Bang
54%
My Everything (Deluxe) Be My Baby
54%
Yours Truly Better Left Unsaid
54%
Sweetener borderline
54%
Sweetener breathin
54%
Yours Truly Daydreamin'
54%
Dangerous Woman Everyday
54%
Sweetener everytime
54%
Sweetener God is a woman
54%
Sweetener goodnight n go
54%
Dangerous Woman I Don't Care
54%
Dangerous Woman Leave Me Lonely
54%
Dangerous Woman Let Me Love You
54%
thank u, next make up
54%
My Everything (Deluxe) My Everything
54%
Sweetener no tears left to cry
54%
Yours Truly Popular Song
54%
Sweetener R.E.M
54%
Positions (Deluxe) shut up
54%
Dangerous Woman Side To Side
54%
Positions (Deluxe) someone like u - interlude
54%
Sweetener successful
54%
Positions (Deluxe) test drive
54%
Sweetener the light is coming
54%
Positions (Deluxe) west side
54%
Positions (Deluxe) 34+35 remix
46%
Dangerous Woman Bad Decisions
46%
My Everything (Deluxe) Best mistake
46%
My Everything (Deluxe) Break Free
46%
My Everything (Deluxe) Break Your Heart Right Back
46%
eternal sunshine deluxe: brighter days ahead bye
46%
eternal sunshine deluxe: brighter days ahead dandelion
46%
eternal sunshine deluxe: brighter days ahead don't wanna break up again
46%
eternal sunshine deluxe: brighter days ahead eternal sunshine
46%
eternal sunshine deluxe: brighter days ahead Hampstead
46%
My Everything (Deluxe) Hands On Me
46%
eternal sunshine deluxe: brighter days ahead imperfect for you
46%
eternal sunshine deluxe: brighter days ahead intro (end of the world)
46%
eternal sunshine deluxe: brighter days ahead intro (end of the world) - extended
46%
eternal sunshine deluxe: brighter days ahead i wish i hated you
46%
Dangerous Woman Jason's Song (Gave It Away)
46%
Positions (Deluxe) just like magic
46%
Dangerous Woman Knew Better / Forever Boy
46%
Positions (Deluxe) love language
46%
My Everything (Deluxe) Love Me Harder
46%
Yours Truly Lovin' It
46%
Positions (Deluxe) motive
46%
Positions (Deluxe) my hair
46%
Positions (Deluxe) nasty
46%
Positions (Deluxe) obvious
46%
Positions (Deluxe) off the table
46%
My Everything (Deluxe) Only 1
46%
eternal sunshine deluxe: brighter days ahead ordinary things (feat. Nonna)
46%
eternal sunshine deluxe: brighter days ahead past life
46%
Positions (Deluxe) positions
46%
Positions (Deluxe) safety net
46%
eternal sunshine deluxe: brighter days ahead Saturn Returns Interlude
46%
Positions (Deluxe) six thirty
46%
Sweetener sweetener
46%
eternal sunshine deluxe: brighter days ahead the boy is mine
46%
Dangerous Woman Thinking Bout You
46%
eternal sunshine deluxe: brighter days ahead true story
46%
eternal sunshine deluxe: brighter days ahead twilight zone
46%
eternal sunshine deluxe: brighter days ahead we can't be friends (wait for your love)
46%
My Everything (Deluxe) Why Try
46%
eternal sunshine deluxe: brighter days ahead yes, and?
46%
My Everything (Deluxe) You Don't Know me
46%
k bye for now (swt live) god is a woman - live
38%
My Everything (Deluxe) Just A Little Bit Of Your Heart
38%
Positions (Deluxe) pov
38%
k bye for now (swt live) raindrops (an angel cried) - live
38%
eternal sunshine deluxe: brighter days ahead supernatural
38%
eternal sunshine deluxe: brighter days ahead warm
38%
Yours Truly You'll Never Know
38%
k bye for now (swt live) 7 rings - live
31%
k bye for now (swt live) bad idea - live
31%
k bye for now (swt live) break up with your girlfriend, I’m bored - live
31%
k bye for now (swt live) breathin - live
31%
Christmas Kisses Last Christmas
31%
Positions (Deluxe) main thing
31%
k bye for now (swt live) nasa - live
31%
k bye for now (swt live) needy - live
31%
k bye for now (swt live) no tears left to cry - live
31%
Christmas Kisses Santa Baby
31%
k bye for now (swt live) side to side - live
31%
k bye for now (swt live) thank u, next - live
31%
k bye for now (swt live) be alright - live
23%
k bye for now (swt live) break free - live
23%
k bye for now (swt live) break your heart right back - live
23%
k bye for now (swt live) everytime - live
23%
k bye for now (swt live) fake smile - live
23%
k bye for now (swt live) get well soon - live
23%
k bye for now (swt live) goodnight n go - live
23%
k bye for now (swt live) love me harder - live
23%
k bye for now (swt live) make up - live
23%
k bye for now (swt live) my heart belongs to daddy - live
23%
k bye for now (swt live) r.e.m - live
23%
k bye for now (swt live) right there - live
23%
k bye for now (swt live) successful - live
23%
k bye for now (swt live) sweetener - live
23%
k bye for now (swt live) tattooed heart - live
23%
k bye for now (swt live) the light is coming - live
23%
Positions (Deluxe) worst behavior
23%
k bye for now (swt live) you'll never know - live
23%
k bye for now (swt live) dangerous woman - live
15%
Christmas & Chill December
15%
k bye for now (swt live) in my head interlude - live
15%
Christmas & Chill Intro
15%
Christmas Kisses Love Is Everything
15%
k bye for now (swt live) only 1 - live
15%
Christmas Kisses Snow In California
15%
Christmas & Chill True Love
15%
Christmas & Chill Winter Things
15%
Christmas & Chill Wit It This Christmas
15%
Christmas & Chill Not Just On Christmas
8%
No matching quizzes found
Score Distribution
Percent of People with Each Score
Percentile by Number Answered
Your Score History
You have not taken this quiz since the last reset